The voyage of Sir Henry Middleton to the Moluccas, 1604-1606

محفوظ في:
التفاصيل البيبلوغرافية
المؤلف الرئيسي: Middleton, Henry (autor)
التنسيق: كتاب
اللغة:الإنجليزية
منشور في: Londres Hakluyt Society 1943
الطبعة:1a. ed
سلاسل:Hakluyt Society, Second series, 88
الموضوعات:
الوسوم: إضافة وسم
لا توجد وسوم, كن أول من يضع وسما على هذه التسجيلة!

MARC

LEADER 00000nam a2200000 a 4500
001 UCJ5719
003 CL-VaPUC
008 070124e19430000UK |||||||||||||||||eng|d
082 0 4 |a 910.4  |b MID  |2 21 
100 |a Middleton, Henry  |e autor  |9 511249 
245 1 4 |a The voyage of Sir Henry Middleton to the Moluccas, 1604-1606 
246 1 0 |a A new and enlarged edition with an Introduction and Notes by Sir William Foster, C.I.E 
250 |a 1a. ed 
300 |a xliii, 209 p 
942 |c BK 
945 |d 20070124 00:00:00  |a rinostro 
260 |a Londres  |b Hakluyt Society  |c 1943 
500 |a Front., vista de Ternate, plegada; mapas conforme a índice 
650 0 |a Viajes  |9 257115 
650 0 |a Geografía  |9 259346 
650 0 |a Navegación   |9 255384 
650 7 |a DIARIO  |2 CL-VaPUC  |9 441581 
650 7 |a HOLANDESES  |2 CL-VaPUC  |9 504311 
650 0 |a Comercio  |9 255341 
650 0 |a Cultura  |9 269059 
650 0 |a Aborígenes  |9 329972 
651 7 |a JAVA  |2 CL-VaPUC  |9 357931 
651 0 |a China   |9 257545 
651 7 |a MOLUCAS  |2 CL-VaPUC  |9 511270 
583 |a last modification  |c 20070124 00:00:00  |k Rodrigo Vera 
490 0 |a Hakluyt Society, Second series, 88 
999 |c 321828  |d 321826 
952 |0 0  |1 0  |4 0  |6 910_400000000000000_MID_1943  |7 0  |8 X  |9 400688  |a FDOBUD  |b FDOBUD  |d 2019-11-22  |i 1038621  |o 910.4 MID 1943  |p 1038621  |r 2019-11-22  |w 2019-11-22  |y BK_X  |k BUD